Statistiken für Städte in denen Moselfränkisch gesprochen wird

Klicken Sie hier um das Quiz zu spielen!

Allgemein

  • Dieses Quiz wurde 32 mal gespielt
  • Das Durchschnittsergebnis liegt bei 11 aus 45

Antwortstatistiken

UnterkategorieEinwohnerStadt% Korrekt
Luxemburgisch128,494Luxemburg
94%
Saarland-Moselfränkisch19,668Dillingen/Saar
77%
Ober-Moselfränkisch110,570Trier
74%
Unter-Moselfränkisch113,638Koblenz
71%
Siegerländer Platt101,516Siegen
71%
Saarland-Moselfränkisch34,445Saarlouis
55%
Eifeler Platt15,700Bitburg
45%
Unter-Moselfränkisch26,550Bad Neuenahr - Ahrweiler
42%
Ober-Moselfränkisch29,609Merzig
42%
Luxemburgisch36,177Esch-sur-Alzette
39%
Unter-Moselfränkisch65,137Neuwied
39%
Unter-Moselfränkisch30,126Andernach
32%
Unter-Moselfränkisch19,335Mayen
32%
Unter-Moselfränkisch19,345Wittlich
32%
West-Hunsrückisch28,423Idar-Oberstein
26%
Wäller Platt35,783Limburg an der Lahn
26%
Luxemburgisch21,583Dudelange
23%
Unter-Moselfränkisch17,456Remagen
23%
Unter-Moselfränkisch17,414Sinzig
23%
Saarland-Moselfränkisch15,697Wadern
23%
Unter-Moselfränkisch18,111Lahnstein
19%
West-Hunsrückisch15,403Boppard
16%
Ober-Moselfränkisch18,295Konz
16%
Saarland-Moselfränkisch18,694Lebach
16%
Unter-Moselfränkisch16,962Bendorf
13%
Siegerländer Platt17,677Freudenberg
13%
Siegerländer Platt30,787Kreuztal
13%
Luxemburgisch41,383Thionville
13%
Saarland-Moselfränkisch15,983Losheim am See
10%
Saarland-Moselfränkisch18,269Püttlingen
10%
Saarland-Moselfränkisch16,136Schmelz
10%
Luxemburgisch30,818Arlon
6%
Siegerländer Platt23,116Netphen
6%
Siegerländer Platt19,762Wilnsdorf
6%
Luxemburgisch17,417Aubange
3%
Luxemburgisch28,641Differdange
3%
Saarland-Moselfränkisch16,465Eppelborn
3%
Saarland-Moselfränkisch15,982Illingen
3%
Luxemburgisch20,408Pétange
3%
Saarland-Moselfränkisch16,900Wadgassen
3%
Unter-Moselfränkisch25,738Bad Honnef
0%
Luxemburgisch15,883Hesperange
0%
Saarland-Moselfränkisch17,998Heusweiler
0%
Luxemburgisch17,949Sanem
0%
Saarland-Moselfränkisch17,126Schwalbach
0%

Verteilung der Resultate

Perzentil nach korrekt beantworteten Fragen

Anzahl Personen mit jedem Resultat

Ihre Resultats-Entwicklung

Sie haben dieses Quiz noch nicht gespielt